[Event "Berlin Eckbauer op 15th"]
[Site "Berlin"]
[Date "2012.11.01"]
[Round "4.33"]
[White "Lippianowski, Stefan"]
[Black "Giannopoulos, Christos Vas"]
[Result "0-1"]
[WhiteElo "907"]
[BlackElo "1405"]
[PlyCount "46"]
[EventDate "2012.10.15"]
[EventType "swiss"]
[EventRounds "7"]
[EventCountry "GER"]
[SourceTitle "EXT 2022"]
[Source "ChessBase"]
[SourceDate "2021.10.06"]
[SourceVersion "1"]
[SourceVersionDate "2021.10.06"]
[SourceQuality "1"]

1. e4 e5 2. Nf3 Nf6 3. Nc3 d5 4. Nxe5 dxe4 5. h3 Be6 6. Qe2 Qd4 7. f4 exf3 8. Nxf3 Qd8 9. d4 Bb4 10. Bd2 0-0 11. Ne4 Bxd2+ 12. Nfxd2 Qxd4 13. 0-0-0 Nc6 14. c3 Qe5 15. Nf3 Qxe4 16. Ng5 Qf4+ 17. Qd2 Qxd2+ 18. Rxd2 Bxa2 19. Bd3 Rad8 20. Rf1 Ne5 21. Be4 Rxd2 22. Kxd2 Nxe4+ 23. Nxe4 Nc4+ 0-1

[Event "Berlin Eckbauer op 15th"]
[Site "Berlin"]
[Date "2012.10.29"]
[Round "3.20"]
[White "Giannopoulos, Christos Vas"]
[Black "Schnell, Felix"]
[Result "0-1"]
[WhiteElo "1616"]
[BlackElo "1866"]
[PlyCount "68"]
[EventDate "2012.10.15"]
[EventType "swiss"]
[EventRounds "7"]
[EventCountry "GER"]
[SourceTitle "EXT 2022"]
[Source "ChessBase"]
[SourceDate "2021.10.06"]
[SourceVersion "1"]
[SourceVersionDate "2021.10.06"]
[SourceQuality "1"]

1. d4 Nf6 2. Bg5 c5 3. dxc5 Qa5+ 4. Qd2 Qxc5 5. Nc3 Nc6 6. Nf3 d6 7. e4 e6 8. Be2 a6 9. Be3 Qa5 10. Nd4 Be7 11. Nb3 Qc7 12. f4 b5 13. a3 Bb7 14. Bf3 0-0 15. g4 Nd7 16. h4 Nb6 17. Bxb6 Qxb6 18. g5 b4 19. axb4 Nxb4 20. Na4 Nxc2+ 21. Qxc2 Qe3+ 22. Qe2 Qxb3 23. Nc3 d5 24. f5 exf5 25. exf5 Bc5 26. Qd3 Rfe8+ 27. Kf1 Re3 28. Bxd5 Qxb2 29. Bxf7+ Kxf7 30. Qc4+ Ke8 31. Qg8+ Kd7 32. Rd1+ Bd6 33. Qxg7+ Re7 34. Qd4 Qg2# 0-1

[Event "Berlin Eckbauer op 15th"]
[Site "Berlin"]
[Date "2012.10.15"]
[Round "1.14"]
[White "Giannopoulos, Christos Vas"]
[Black "Hankow, Bert Juergen"]
[Result "0-1"]
[WhiteElo "1616"]
[BlackElo "2018"]
[PlyCount "60"]
[EventDate "2012.10.15"]
[EventType "swiss"]
[EventRounds "7"]
[EventCountry "GER"]
[SourceTitle "EXT 2022"]
[Source "ChessBase"]
[SourceDate "2021.10.06"]
[SourceVersion "1"]
[SourceVersionDate "2021.10.06"]
[SourceQuality "1"]

1. d4 Nf6 2. Bg5 e6 3. Nf3 Be7 4. Nc3 d5 5. h4 Nbd7 6. g3 c6 7. Bg2 Qc7 8. Qd3 Bd6 9. e4 dxe4 10. Nxe4 Nxe4 11. Qxe4 h6 12. Bf4 Bxf4 13. gxf4 Qa5+ 14. c3 Qd5 15. Qe3 Nf6 16. 0-0 Qf5 17. Ne5 Nh5 18. Nd3 Bd7 19. Rfe1 0-0-0 20. a4 Rdg8 21. d5 exd5 22. Ne5 Nxf4 23. Qxa7 Nxg2 24. Qa8+ Kc7 25. Qa5+ Kb8 26. Kxg2 Re8 27. Nxd7+ Qxd7 28. b4 Qg4+ 29. Kf1 Qxh4 30. b5 Qh1# 0-1